| 000 | 00598nam a22001697a 4500 | ||
|---|---|---|---|
| 999 |
_c15054 _d15054 |
||
| 003 | OSt | ||
| 082 | _2631.3 JAY/DE | ||
| 088 | _aT 59 | ||
| 100 |
_aJAYARAJAN R _92450 |
||
| 245 | _aDesign, fabrication and testing of a power operated paddy dibbler | ||
| 260 |
_aTavanur 1996 _bKelappaji College of Agricultural Engineering and Technology |
||
| 300 | _a93 | ||
| 500 | _aDesign, fabrication and testing of a power operated paddy dibbler | ||
| 520 | _atwo row power operated paddy dibbler. designed KCAET, Tavanur. two seed boxes, plungers | ||
| 700 |
_aEr. Jippu Jacob (Guide) _92268 |
||
| 942 | _cTH | ||